|
|
|
|
| LEADER |
00000cam a2200000 4500 |
| 001 |
vtls011834089 |
| 003 |
SK-MaSNL |
| 005 |
20260301223838.0 |
| 008 |
200228s2017 pl gr 000 p pol |
| 015 |
|
|
|a SNBZSA2019/02
|
| 020 |
|
|
|a 9788374909907
|q (brožované)
|
| 035 |
|
|
|a urn:nbn:sk:snk-am00dc67
|
| 035 |
|
|
|a urn:nbn:sk:snk-am3hx72
|
| 035 |
|
|
|a 6B6C89B5-27F6-488D-A385-6C422BBA3CCA
|
| 040 |
|
|
|a SNK
|b slo
|c SNK
|e rda
|
| 041 |
0 |
|
|a pol
|
| 044 |
|
|
|a pl
|c PL
|
| 072 |
|
7 |
|a 821.162.1
|x Poľská literatúra
|2 konspekt
|
| 080 |
|
|
|a 821.162.1-1
|2 2011
|
| 100 |
1 |
|
|a Kowalik, Marian,
|d 1957-
|4 aut
|9 181921
|
| 245 |
1 |
0 |
|a Moja Korona Gór Polski
|c Marian Kowalik
|
| 264 |
|
1 |
|a Kraków
|b Wydawnictwo i Drukarnia Towarzystwa Słowaków w Polsce
|c 2017
|
| 300 |
|
|
|a 37 strán
|c 17 cm
|
| 336 |
|
|
|a text
|b txt
|2 rdacontent
|
| 337 |
|
|
|a bez média
|b n
|2 rdamedia
|
| 338 |
|
|
|a zväzok
|b nc
|2 rdacarrier
|
| 500 |
|
|
|a Krátke biografické informácie o autorovi na strane 37-38
|
| 655 |
|
7 |
|a poľská poézia
|2 SNKPH
|9 70590
|
| 655 |
|
7 |
|a Polish poetry
|2 SNKPHeng
|9 331284
|
| 752 |
|
|
|a Poľsko
|d Krakov
|
| 919 |
|
|
|a 978-83-7490-990-7
|
| 958 |
|
|
|a LX
|
| 958 |
|
|
|a ZS
|
| 958 |
|
|
|a PL
|
| 999 |
|
|
|c 945067
|d 946997
|
| 952 |
|
|
|a SNK
|b SNK
|y PREZ
|7 0
|p 17A1353351
|o snkSD 87936
|i snk2019/2394
|8 2
|g 2.00
|0 0
|1 0
|4 0
|d 2019-01-15
|f 1
|l 0
|r 2026-02-24 09:30:58
|w 2026-02-24
|
| 952 |
|
|
|a SNK
|b SNK
|y VYP
|7 0
|p 17A1362018
|o snkSD 87936 D1
|i snk2019/8797
|8 2
|g 2.00
|0 0
|1 0
|4 0
|d 2019-01-29
|l 0
|r 2026-02-24 09:30:58
|w 2026-02-24
|